Mathematik: Einstellige Zahlen dividieren - Statistiken

Allgemein
  • Dieses Quiz wurde 554 mal gespielt
  • Das Durchschnittsergebnis liegt bei 38 aus 40
Antwortstatistiken
Hint Antwort % Korrekt
6:3 2
96%
0:4 0
95%
0:5 0
95%
0:6 0
95%
0:9 0
95%
6:6 1
95%
7:7 1
95%
4:2 2
95%
8:2 4
95%
0:3 0
94%
0:7 0
94%
1:1 1
94%
2:2 1
94%
4:4 1
94%
5:5 1
94%
2:1 2
94%
4:2 2
94%
6:3 2
94%
8:4 2
94%
3:1 3
94%
6:2 3
94%
9:3 3
94%
9:3 3
94%
8:2 4
94%
6:1 6
94%
7:1 7
94%
8:1 8
94%
0:1 0
93%
0:2 0
93%
0:8 0
93%
3:3 1
93%
5:5 1
93%
7:7 1
93%
8:8 1
93%
9:9 1
93%
8:4 2
93%
6:2 3
93%
4:1 4
93%
5:1 5
93%
9:1 9
92%
Keine übereinstimmenden Quizze gefunden
Verteilung der Resultate
Anzahl Personen mit jedem Resultat
Perzentil nach korrekt beantworteten Fragen
Ihre Resultats-Entwicklung
Sie haben dieses Quiz noch nicht gespielt